Quizzes
Events
Quiz Creation
Community
Videos
Private Events
Remove Ads
Sign In
Join for FREE
Feedback
Dark Mode
Quiz Categories
Sports
Geography
Music
Movies
Television
Just For Fun
Miscellaneous
History
Literature
Language
Science
Gaming
Entertainment
Religion
Holiday
For Kids
Quiz Lab
Recent
Popular Today
Quiz Kudos Today
Editor Picks
Curator Picks
Quizzes by...
Day
Popularity
Type
Ratings
Length
Year
Community
Subscriptions
Recent Discussions
Orange Saloon
Badges
Playlists
Quests
Create
Leaderboards
Showdown
Live 5
Trivia Bingo
Activity
Puzzle Library
Sporcle Events
Private Events
Virtual Trivia
Globe League
Become a Host
Pub Owners
SporcleCon
Opinionation
Our Games
Videos
Blog
Mobile Apps
Partnerships
Remove Ads and Go Orange
Feedback
Music
Pop Music
The Beatles
Song
Album
Lyrics
Bands
Singers
Artist
Clip
Rock
Rap
Classical
Billboard
Country Music
Kpop
Taylor Swift
Music
Pop Music
The Beatles
Song
Album
Lyrics
Bands
Singers
Artist
Clip
Rock
Rap
Classical
Billboard
Country Music
Kpop
Taylor Swift
Random Quiz
Search Sporcle
×
Quiz Lab
Quiz Lab
Music
Song
Type in answers that appear in a list
Type in answers that appear in a list
Classic
Best Score? Go Orange.
Breaking Benjamin songs Stats
Can you name the Breaking Benjamin songs?
By
Terrorking
10m
48 Questions
200 Plays
200 Plays
200 Plays
Comments
Comments
Give Quiz Kudos
Give Quiz Kudos
-
- Ratings
hide this ad
Replay
Link that replays current quiz
Next Quiz
Link to next quiz in quiz playlist
You Got
0%
They Got
Avg Score
57%
Avg Friend Score
Upgrade to see
Score Distribution
Jump to the score distribution portion of the page
Score
0/48
Timer
10:00
0
Plays Today
Album
Song
% Correct
Phobia (2006)
Diary Of Jane
89%
We Are Not Alone (2004)
So Cold
80%
Phobia (2006)
Breath
79%
Dear Agony (2009)
I Will Not Bow
77%
Dear Agony (2009)
Dear Agony
74%
Saturate (2002)
Polyamorous
72%
Phobia (2006)
Dance With The Devil
69%
We Are Not Alone (2004)
Rain
68%
Phobia (2006)
You
67%
Phobia (2006)
Evil Angel
66.5%
We Are Not Alone (2004)
Firefly
66%
Phobia (2006)
Until The End
65%
We Are Not Alone (2004)
Breakdown
63%
We Are Not Alone (2004)
Follow
61.5%
Phobia (2006)
Unknown Soldier
61.5%
Saturate (2002)
Medicate
60%
Saturate (2002)
Water
59.5%
Saturate (2002)
Home
59.5%
We Are Not Alone (2004)
Sooner Or Later
59%
Phobia (2006)
Had Enough
59%
Dear Agony (2009)
Crawl
58.5%
Dear Agony (2009)
Give Me A Sign
58.5%
Phobia (2006)
You Fight Me
57.5%
Dear Agony (2009)
Anthem Of The Angels
57.5%
Album
Song
% Correct
Saturate (2002)
Shallow Bay
57%
No Album
Blow Me Away
56.5%
We Are Not Alone (2004)
Forget It
56%
Phobia (2006)
Topless
56%
Dear Agony (2009)
Fade Away
56%
Saturate (2002)
Skin
55.5%
Dear Agony (2009)
Lights Out
54.5%
We Are Not Alone (2004)
Simple Design
53.5%
Dear Agony (2009)
Hopeless
53.5%
Dear Agony (2009)
Into The Nothing
53%
Phobia (2006)
Here We Are
51.5%
Dear Agony (2009)
Without You
51%
We Are Not Alone (2004)
Break My Fall
50.5%
We Are Not Alone (2004)
Away
50.5%
Saturate (2002)
I Wish I May
50%
Saturate (2002)
Sugarcoat
49.5%
Saturate (2002)
Next To Nothing
49%
Saturate (2002)
No Games
48.5%
Saturate (2002)
Phase
47.5%
Dear Agony (2009)
What Lies Beneath
47.5%
Saturate (2002)
Natural Life
46%
We Are Not Alone (2004)
Believe
45.5%
Saturate (2002)
Forever
42%
No Album
Who Wants To Live Forever
14%
Quiz Playlist
Details
Report
Send in Message
Add To Playlist
Classic:
Type in answers that appear in a list
Last Updated: Feb 16, 2017
Quiz Scoreboard
CHALLENGE
Sign Up to Join the Scoreboard
Show All
Scores
Hide
Comments
May contain spoilers
Recently Published
Billboard Blitz: Fleetwood Mac
by CooCooCachoo
Music
15s
Presidents Visiting Landmarks
by Hejman
History
7m
An Introduction to Baseball
by treessimontrees
Sports
5m
More to Explore
Quiz From the Vault
Featured Blog Post
Where Did the Easter Bunny Come From?
hide this ad
You Might Also Like...
Tags
Album Quiz
Song Quiz
benjamin
Breaking
Breaking Benjamin
Today's Top Quizzes in Music
Browse Music
hide this ad
Today's Top Quizzes in Song
Browse Song
Top Contributed Quizzes in Music
1
Taylor Swift All Songs (2024)
2
Guess the Artist- 70s Songs
3
7-to-1: Billboard Hot 100 #1 Hits of 2010s
4
Sorting Albums and Songs
5
Taylor Swift Logic Puzzle
6
KPOP LOGIC QUIZ
7
One Thing in Common: Music
8
Guess the Taylor Swift song (Mystery Song)
9
2010s Album by Cover III
10
Guess The Taylor Swift Lyrics Song #1
Explore More
Trending Topics
Disney
Crossword
Kpop
NBA
Marvel
Harry Potter
Anime
Country
NFL
Puzzle
Song
The Office
WWE
Soccer
Pokémon
hide this ad
More By:
Terrorking
Quiz
Plays
Rating
Category
Featured
Created
Countries in Dutch
1,823
4.46
Language
Oct 19, 2009
Shinedown songs
1,198
4.00
Music
Oct 19, 2009
Dutch places with McDonalds
629
3.29
Miscellaneous
Nov 6, 2009
School subjects in Dutch
548
4.20
Language
Nov 17, 2009
Capital more famous than country
316
2.40
Geography
Apr 1, 2010
Go to Creator's Profile
Score Distribution
Quiz Creator Spotlight
Terrorking
Follow
Send a Message
Quizzes Created
-
Created Quiz Play Count
-
More By This Creator
Popular Quizzes Today
1
Find the US States - No Outlines Minefield
2
Find the Countries of Europe - No Outlines Minefield
3
The Countries of the World
4
Find the US States
5
Risky Map Clicking: Biggest States A-Z
6
US States
7
Popular People in 1961
8
Movies - When Are They Set?
More Music Quizzes
Names in Taylor Swift Songs
Published
Trending Quizzes
Risky Map Clicking: Least Populous States A-Z
1-10 Letter G Words
1-10 Letter F Words
Risky Map Clicking: Next State Alphabetically
Click the Washington State Counties! (Map)
Recently Updated
Leaping Animals
pecheneg
Reality TV Shows (A-Z)
bhenderson79
Rickey Henderson's Hall of Fame Teammates
pecheneg
Champions League XIs: Arsenal
pecheneg
Quick Pick: Celebrities in WWE's Hall of Fame
aduchscher
A-Z Keypad Blitz II
pecheneg
Multiple Oscar Actors
pecheneg
Mystery Phrase Blitz: Oscar 'Best Actors'
pecheneg
F. Scott Fitzgerald Novels
LTH
Pick 3 Villains
ddd62291
Trending Topics
Disney
Marvel
Crossword
Kpop
Anime
Harry Potter
NBA
WWE
Soccer
Puzzle
Country
NFL
The Office
Pokémon
Song
Your Account Isn't Verified!
In order to create a playlist on Sporcle, you need to verify the email address you used during registration. Go to your
Sporcle Settings
to finish the process.
Report this User
Report this user for behavior that violates our
Community Guidelines
.
Details:
Send Report
Go to the Sporcle.com Mobile Site →
Comments